[Event "Motor City op"]
[Site "Warren"]
[Date "2002.11.30"]
[Round "3"]
[White "Winowski, Joe"]
[Black "Matyszewski, Krzysztof"]
[Result "0-1"]
[WhiteElo "1431"]
[BlackElo "1709"]
[PlyCount "40"]
[EventDate "2002.11.29"]
[EventType "swiss"]
[EventRounds "7"]
[EventCountry "USA"]
[SourceTitle "EXT 2009"]
[Source "ChessBase"]
[SourceDate "2008.11.26"]
[SourceVersion "1"]
[SourceVersionDate "2008.11.26"]
[SourceQuality "1"]

1. e4 c5 2. Nf3 d6 3. d4 cxd4 4. Nxd4 g6 5. Be3 Nc6 6. Qd2 Nf6 7. f3 h5 8. Nc3 Bg7 9. Bc4 a6 10. a4 Bd7 11. 0-0 Rc8 12. Rfb1 Kf8 13. b4 Nxd4 14. Qxd4 Ng4 15. Qd3 Nxe3 16. Ra3 Nxc4 17. b5 a5 18. Nd5 e6 19. Nf4 Qg5 20. Nh3 Qe3+ 0-1

[Event "Motor City op"]
[Site "Warren"]
[Date "2002.11.29"]
[Round "1"]
[White "Keddie, Jeremy"]
[Black "Matyszewski, Krzysztof"]
[Result "0-1"]
[WhiteElo "1103"]
[BlackElo "1709"]
[PlyCount "55"]
[EventDate "2002.11.29"]
[EventType "swiss"]
[EventRounds "7"]
[EventCountry "USA"]
[SourceTitle "EXT 2009"]
[Source "ChessBase"]
[SourceDate "2008.11.26"]
[SourceVersion "1"]
[SourceVersionDate "2008.11.26"]
[SourceQuality "1"]

1. e4 c5 2. Nc3 d6 3. d3 g6 4. g3 Bg7 5. Nge2 Nc6 6. Bg2 e6 7. Be3 Nge7 8. Qd2 Nd4 9. f4 Bd7 10. 0-0 Rb8 11. Rab1 Nec6 12. b3 Nb4 13. e5 Nbxc2 14. Nd1 dxe5 15. Nf2 Nxe3 16. Qxe3 Nxe2+ 17. Qxe2 exf4 18. Ne4 0-0 19. Rbe1 fxg3 20. Nxg3 Bc6 21. h3 Qd4+ 22. Rf2 Rbd8 23. Qc2 Bxg2 24. Kxg2 Qxd3 25. Qxc5 Bd4 26. Qg5 Bxf2 27. Kxf2 Qd2+ 28. Kf1 0-1